00479 a2200169 450000100060000002000220000604000240002810000190005224000330007124500280010430000090013236200090014165000310015094200070018195201040018899900170029247569 a978-85-260-2277-5 cAnchieta - Aquarius aFrança, Mary10aOs pingos em quadrinhoslpor10aOs pingos em quadrinhos a21p.0 a2016 4aLiteratura infanto-juvenil cBK 00104070a87.1b87.1d2023-11-21l0o028.5 FRA PINp6337/AQUr2023-11-21 15:14:27w2023-11-21yBK c47569d47569